Condena y defensa de la píldora (Record no. 45782)

MARC details
000 -LEADER
campo de control de longitud fija 00887nam a2200229 i 4500
001 - NÚMERO DE CONTROL
campo de control 45782
003 - IDENTIFICADOR DE NÚMERO DE CONTROL
campo de control ES-MaACL
005 - FECHA Y HORA DE LA ÚLTIMA TRANSACCIÓN
campo de control 20230906161256.0
007 - CAMPO FIJO DE DESCRIPCIÓN FÍSICA--INFORMACIÓN GENERAL
campo de control de longitud fija t|
008 - DATOS DE LONGITUD FIJA--INFORMACIÓN GENERAL
campo de control de longitud fija 030326s1968 sp ||||1| spa d
245 00 - MENCIÓN DEL TÍTULO
Título Condena y defensa de la píldora
Resto del título : controversia mundial en torno a la "Humanae Vitae" /
Mención de responsabilidad, etc. por Ofa Bezunartea ; con un prólogo de Antonio Arza.
260 ## - PUBLICACIÓN, DISTRIBUCIÓN, ETC.
Lugar de publicación, distribución, etc. Zalla (Vizcaya) :
Nombre del editor, distribuidor, etc. La Gran Enciclopedia Vasca,
Fecha de publicación, distribución, etc. 1968.
300 ## - DESCRIPCIÓN FÍSICA
Extensión 231 p. ;
Dimensiones 19 cm.
490 1# - MENCIÓN DE SERIE
Mención de serie Colección "Reportaje-Documento" ;
Designación de volumen o secuencia 4
610 24 - PUNTO DE ACCESO ADICIONAL DE MATERIA--NOMBRE DE ENTIDAD CORPORATIVA
Nombre de entidad corporativa o nombre de jurisdicción como elemento de entrada Iglesia Católica.
Unidad subordinada Papa (1963-1978: Pablo VI).
Título de la obra Humanae vitae.
9 (RLIN) 166138
650 00 - PUNTO DE ACCESO ADICIONAL DE MATERIA--TÉRMINO DE MATERIA
Término de materia o nombre geográfico como elemento de entrada Control de natalidad-
Subdivisión general Aspectos religiosos.
9 (RLIN) 11339
700 1# - ENTRADA AGREGADA--NOMBRE PERSONAL
Nombre de persona Bezunartea, Ofa.
9 (RLIN) 28730
700 1# - ENTRADA AGREGADA--NOMBRE PERSONAL
Nombre de persona Arza, Antonio.
9 (RLIN) 23521
830 0# - PUNTO DE ACCESO ADICIONAL DE SERIE-TÍTULO UNIFORME
Título uniforme Colección "Reportaje-Documento" ;
Designación de volumen o secuencia 4
9 (RLIN) 182071
852 ## - LOCALIZACIÓN
Ubicación ES-MaACL
Número de control de estantería C-50800
Sublocalización o colección R.67620
Holdings
Estatus retirado Estado de pérdida Estado de daño No para préstamo Biblioteca de origen Biblioteca actual Ubicación en estantería Fecha de adquisición Fuente de adquisición Total de préstamos Signatura topográfica completa Código de barras Visto por última vez Precio de reemplazo Tipo de ítem Koha
        Biblioteca del Ateneo de Madrid Biblioteca del Ateneo de Madrid Depósito 2 17/01/2008     C-50800 1048166 23/02/2023 23/02/2023 Libro impreso